000 00567nam a22002057a 4500
003 OSt
005 20161011190000.0
008 161011b xxu||||| |||| 00| 0 eng d
020 _a1891389041
040 _cDDC.
082 _a547.2HEG 1999.
100 _aHegedus, Louis S;
_911177
245 _aTransition Metals in the Synthesis of Complex Organic Molecules.
250 _a2nd ed.
260 _aCalifonia.
_bUniversity Science Books.
_c1999.
300 _ax,337p;
_bill;
_c27cm.
504 _aincludes index.
650 _achemistry.
_9797
942 _2ddc
_cO_SHELF
999 _c5340
_d5340